| 000 | 00809nam a2200241Ia 4500 | ||
|---|---|---|---|
| 001 | 9869 | ||
| 003 | GE_BSU | ||
| 008 | 181216s||||||||xx |||||||||||||| ||und|| | ||
| 020 | _a9992879521 | ||
| 040 | _cGE_BSU | ||
| 080 | _a821.353.1.09-31+821.353.19(092ამირეჯიბი) | ||
| 100 | _aნიკოლეიშვილი,ავთანდილ | ||
| 245 | _aჭაბუა ამირეჯიბი | ||
| 245 | _bლიტ.ეტიუდი | ||
| 245 | _cრედ:გია ხოფერია | ||
| 260 | _aქუთაისი | ||
| 260 | _bქუთაისის უნ-ტის გამ-ბა | ||
| 260 | _c2001 | ||
| 300 | _a63გვ;20სმ. | ||
| 541 | _h2ლ. | ||
| 653 | _aჭაბუა ამირეჯიბი,ლიტ.ეტიუდი | ||
| 942 | _cBK | ||
| 999 |
_c43148 _d43148 |
||